Detalles MARC
| 000 -CABECERA |
| campo de control de longitud fija |
01288nam a2200193 a 4500 |
| 001 - NÚMERO DE CONTROL |
| campo de control |
000033325 |
| 005 - FECHA Y HORA DE LA ÚLTIMA TRANSACCIÓN |
| campo de control |
20241016135104.0 |
| 008 - DATOS DE LONGITUD FIJA--INFORMACIÓN GENERAL |
| campo de control de longitud fija |
110824s1940 dr 000 0 spa d |
| 040 ## - FUENTE DE LA CATALOGACIÓN |
| Centro catalogador/agencia de origen |
DO-SdBNP |
| Lengua de catalogación |
spa |
| Centro/agencia transcriptor |
BNPHU |
| 082 ## - NÚMERO DE LA CLASIFICACIÓN DECIMAL DEWEY |
| Número de clasificación |
338.10981 |
| Número de documento/Ítem |
R426c |
| 110 1# - ENTRADA PRINCIPAL--NOMBRE DE ENTIDAD CORPORATIVA |
| Nombre de entidad corporativa o nombre de jurisdicción como elemento de entrada |
República Dominicana. |
| Unidad subordinada |
Dirección General de Estadística Nacional. |
| 9 (RLIN) |
86710 |
| 245 10 - MENCIÓN DE TÍTULO |
| Título |
Censo agropecuario de 1940. |
| 260 ## - PUBLICACIÓN, DISTRIBUCIÓN, ETC. |
| Lugar de publicación, distribución, etc. |
Ciudad Trujillo, República Dominicana : |
| Nombre del editor, distribuidor, etc. |
Dirección General de Estadística Nacional, |
| Fecha de publicación, distribución, etc. |
1940. |
| 300 ## - DESCRIPCIÓN FÍSICA |
| Extensión |
1 v. en varias paginaciones ; |
| Dimensiones |
29 cm. |
| 505 0# - NOTA DE CONTENIDO CON FORMATO |
| Título |
San Cristobal provincia Trujillo -- |
| -- |
Provincia Libertador -- |
| -- |
Provincia Espaillat -- |
| -- |
Provincia de Benefactor -- |
| -- |
Provincia Duarte -- |
| -- |
Provincia de Barahona -- |
| -- |
Provincia de Azua -- |
| -- |
Monte Plata Provincia Monseñor de Meriño -- |
| -- |
La Victoria, M onseñor de Meriño -- |
| -- |
Provincia de Montecristy -- |
| -- |
Montecristy -- |
| -- |
Provincia de Samaná -- |
| -- |
Provincia de Pueto Plata -- |
| -- |
Santo Domingo -- |
| -- |
Provincia de San Pedro de Macoris -- |
| -- |
Provincia del Seybo -- |
| -- |
San Francisco de Macoris Provincia Duarte -- |
| -- |
Provincia La Vega -- |
| -- |
Provincia Santiago. |
| 650 #4 - PUNTO DE ACCESO ADICIONAL DE MATERIA--TÉRMINO DE MATERIA |
| Término de materia o nombre geográfico como elemento de entrada |
Agricultura |
| Subdivisión geográfica |
República Dominicana |
| Subdivisión cronológica |
1940 |
| Subdivisión de forma |
ESTADÍSTICAS |
| 9 (RLIN) |
58917 |
| 650 #4 - PUNTO DE ACCESO ADICIONAL DE MATERIA--TÉRMINO DE MATERIA |
| Término de materia o nombre geográfico como elemento de entrada |
Ganadería |
| Subdivisión geográfica |
República Dominicana |
| Subdivisión cronológica |
1940 |
| Subdivisión de forma |
ESTADÍSTICAS |
| 9 (RLIN) |
58918 |
| 910 ## - DATOS DE OPCIÓN DEL USUARIO (OCLC) |
| Datos de opción del usuario |
Validado. Control de calidad MFF |